000 00546nam a2200193Ia 4500
005 20250508160804.0
008 008 250505s9999 xx 000 0 hin d
037 _aTextual
040 _aFEDL
_beng
_cFEDL
041 _ahin
_2hin
084 _a370.973, CHO
_qFEDL
100 _aChobe Saryu Prasad
_9769371
245 0 _aSanyukt rajya America ki shiksha - pranali
260 _aAgra, India
_bVinod Pustak Mandir
_c1972
300 _a244p
650 _aEducation
942 _cTEXL
_h370.973, CHO
999 _c1366635
_d1366635